Библиотека героического эпоса. [Т.] 7: Шахнаме (Запись № 1709718)

Подробности
000 -МАРКЕР
контрольное поле 01616nam2a2200313 4500
001 - ИДЕНТИФИКАТОР ЗАПИСИ
контрольное поле RU\NLR\bibl\1792337
005 - ИДЕНТИФИКАТОР ВЕРСИИ
контрольное поле 20260406062817.0
010 ## - МЕЖДУНАРОДНЫЙ СТАНДАРТНЫЙ НОМЕР КНИГИ (ISBN)
Номер (ISBN) 978-5-4224-0268-7
Уточнения т. 7
021 ## - НОМЕР ГОСУДАРСТВЕННОЙ РЕГИСТРАЦИИ
Код страны Российская Федерация
Номер 2011-49228
Номер Листа государственной регистраци 3504
035 ## - ДРУГИЕ СИСТЕМНЫЕ НОМЕРА
Идентификатор записи (NLR Aleph) 001783036
100 ## - ДАННЫЕ ОБЩЕЙ ОБРАБОТКИ
Данные общей обработки 20110727d2010 |||y0rusy50 ca
101 1# - ЯЗЫК РЕСУРСА
Язык текста, звукозаписи и т.д. русский
Язык оригинала персидский, фарси
102 ## - СТРАНА ПУБЛИКАЦИИ ИЛИ ПРОИЗВОДСТВА
Страна публикации Российская Федерация
105 ## - ПОЛЕ КОДИРОВАННЫХ ДАННЫХ: ТЕКСТОВЫЕ МАТЕРИАЛЫ, МОНОГРАФИЧЕСКИЕ
Кодированные данные о монографическом текстовом документе y |||||||||
200 1# - ЗАГЛАВИЕ И СВЕДЕНИЯ ОБ ОТВЕТСТВЕННОСТИ
Основное заглавие Шахнаме
Сведения, относящиеся к заглавию персидская героическая эпопея
-- избранные сказания
Первые сведения об ответственности Абулькасим Фирдоуси
Последующие сведения об ответственности [пер. с фарси Вл. Державина, С. Липкина]
210 ## - ПУБЛИКАЦИЯ, РАСПРОСТРАНЕНИЕ И ДР.
Дата издания, распространения и т.д. 2010
Место издания, распространения и т.д. Б. м.
215 ## - ФИЗИЧЕСКАЯ ХАРАКТЕРИСТИКА
Специфическое обозначение материала и объем 479, [1] с.
461 #0 - УРОВЕНЬ НАБОРА
Встроенное поле 001RU\NLR\bibl\1843281
-- 2001#$aБиблиотека героического эпоса$v[Т.] 7
Системный номер (АБИС) связанной записи 2175149
Место публикации Москва
Дата публикации 2010
Первые сведения об ответственности [сост.: Е. Кузнец и др.
Имя издателя, распространителя и т.д. Книжный Клуб Книговек
Сведения, относящиеся к заглавию в 10 т.
Заглавие Библиотека героического эпоса
ISBN 9785422402618
Номер тома [Т.] 7
604 ## - ИМЯ И ЗАГЛАВИЕ КАК ПРЕДМЕТ
Связываемые данные 700#1$aФирдоуси$bА.$fок.940 - 1020$gАбулькасим
-- 500##$a"Шахнаме"$2nlr_sh2$3RU\NLR\AUTH\661556703
Имя лица Фирдоуси, Абулькасим (ок.940 - 1020)
Заглавие "Шахнаме"
Системный номер авторитетной/нормативной записи 2620143
Идентификатор авторитетной/нормативной записи RU\NLR\AUTH\661556703
686 ## - ИНДЕКСЫ ДРУГИХ КЛАССИФИКАЦИЙ
Индекс Ш5(0)952.314-4Фирдоуси
701 #1 - ИМЯ ЛИЦА - АЛЬТЕРНАТИВНАЯ ОТВЕТСТВЕННОСТЬ
Код отношения Автор
Материалы, к которым относится поле rus
Графика поля Кириллица
Начальный элемент ввода Фирдоуси
Часть имени, кроме начального элемента ввода А.
Даты ок.940-1020
Расширение инициалов личного имени Абулькасим
Идентификатор авторитетной/нормативной записи RU\NLR\auth\7712948
Системный номер авторитетной/нормативной записи 122656
702 #1 - ИМЯ ЛИЦА - ВТОРИЧНАЯ ОТВЕТСТВЕННОСТЬ
Начальный элемент ввода Державин
Часть имени, кроме начального элемента ввода В.
Расширение инициалов личного имени Владимир
Код отношения Переводчик
801 #0 - ИСТОЧНИК ЗАПИСИ
Страна Российская Федерация
Организация NLR
Дата составления 20110727
Правила каталогизации RCR
801 #1 - ИСТОЧНИК ЗАПИСИ
Страна Российская Федерация
Организация NLR
Дата составления 20110727
942 ## - ДОПОЛНИТЕЛЬНЫЕ ЭЛЕМЕНТЫ ЗАПИСИ (АБИС)
Тип экземпляра АБИС Книга
980 ## - КОЛЛЕКЦИЯ
Название коллекции Национальная библиография
Экземпляры
Тип экземпляра Дата поступления Источник поступления Библиотека постоянного хранения Библиотека текущего хранения Место хранения Шифр хранения Штрих-код Статус экземпляра
Книга 27.07.2011 Обязательный экземпляр РНБ (Московский) РНБ (Московский) Русский книжный фонд: издания с 1957 года 2011-3/23324 1-2229783  
Книга 27.07.2011 Обязательный экземпляр РНБ (Московский) РНБ (Московский) Русский книжный фонд: издания с 1957 года 2011-3/23324 3459112